00450aam a2200181 450000500170000000800410001704100140005808200180007210000300009024500340012026000310015430000190018565000150020465000090021965000130022865000160024165000110025720161121104949.0150424b xxu||||| |||| 00| 0 spa d aEspañol a972.867 V714j aVillalobos Salazar, Jorge aJacó: sacrificio y progreso aCosta RicabMenvilloc2013 a190 páginas  aCOSTA RICA aJACO aHISTORIA aPUNTAREANAS aENSAYO